Star Wars Characters - Statistics

General Stats
  • This quiz has been taken 42 times
  • The average score is 17 of 54
Answer Stats
Hint Answer % Correct
D Darth Vader
92%
L Leia Organa
86%
O Obi-Wan Kenobi
86%
H Han Solo
83%
Y Yoda
78%
L Luke Skywalker
75%
P Padmé Amidala
75%
M Mace Windu
72%
B Boba Fett
69%
D Darth Maul
69%
D Darth Sidious
69%
J Jango Fett
69%
C Chewbacca
67%
C C-3PO
61%
C Count Dooku
61%
R R2-D2
61%
A Ahsoka Tano
56%
L Lando Calrissian
53%
Q Qui-Gon Jinn
53%
J Jar Jar Binks
47%
J Jabba the Hutt
42%
G General Grievous
39%
K Kylo Ren
33%
K Kit Fisto
25%
W Wilhuff Tarkin
25%
C Cassian Andor
17%
D Din Djarin
17%
G Grogu
17%
J Jyn Erso
14%
E Ezra Bridger
11%
K K-2SO
11%
Q Qi-Ra
11%
W Wicket Wystri Warrick
11%
Z Zeb Orrelios
11%
G Galen Erso
8%
O Orson Krennic
8%
T Tobias Beckett
8%
D Dryden Vos
6%
S Sabine Wren
6%
S Saw Gerrera
6%
S Stormtroopers
6%
Z Zam Wesell
6%
C Captain Panaka
3%
C Chirrut Îmwe
3%
I Inquisitorius
3%
Z Ziro the Hutt
3%
B Battle Droids
0%
D Droideka
0%
E Emperor's Royal Guards
0%
S Scout Troopers
0%
S Shadow Troopers
0%
S Shock Troopers
0%
T TIE Figher Pilots
0%
T Tusken Raiders
0%
No matching quizzes found
Score Distribution
Percent of People with Each Score
Percentile by Number Answered
Your Score History
You have not taken this quiz